| 000 | 00355nam a2200133Ia 4500 | ||
|---|---|---|---|
| 008 | 231017s9999 xx 000 0 und d | ||
| 082 | _a625.8519 | ||
| 082 | _bBET | ||
| 245 | 0 | _aChanges to the Austroads Mix Design Procedure to incorporate Recycled Asphalt (AP-R256/04) | |
| 245 | 0 | _cAustroads | |
| 260 | _bAustroads | ||
| 300 | _c30cm | ||
| 942 | _cREP | ||
| 999 |
_c604563 _d604563 |
||